Partial Differential Equations with Fourier series and Boundary Value Problems (Record no. 6937)

MARC details
000 -LEADER
fixed length control field 00620nam a22002177a 4500
003 - CONTROL NUMBER IDENTIFIER
control field OSt
005 - DATE AND TIME OF LATEST TRANSACTION
control field 20231216094526.0
008 - FIXED-LENGTH DATA ELEMENTS--GENERAL INFORMATION
fixed length control field 210514b ||||| |||| 00| 0 eng d
020 ## - INTERNATIONAL STANDARD BOOK NUMBER
International Standard Book Number 0131480960
040 ## - CATALOGING SOURCE
Transcribing agency DDC
082 ## - DEWEY DECIMAL CLASSIFICATION NUMBER
Classification number 515.3 ASM 2005
100 ## - MAIN ENTRY--PERSONAL NAME
Personal name Asmar, Nakhle H.
9 (RLIN) 14234
245 ## - TITLE STATEMENT
Title Partial Differential Equations with Fourier series and Boundary Value Problems
250 ## - EDITION STATEMENT
Edition statement 2nd ed
260 ## - PUBLICATION, DISTRIBUTION, ETC. (IMPRINT)
Place of publication, distribution, etc. New Jersey;
Name of publisher, distributor, etc. Pearson,
Date of publication, distribution, etc. 2004
300 ## - PHYSICAL DESCRIPTION
Extent x,690p;
Other physical details ill:
Dimensions 26cm
504 ## - BIBLIOGRAPHY, ETC. NOTE
Bibliography, etc Appendices, Answers & index
650 ## - SUBJECT ADDED ENTRY--TOPICAL TERM
Topical term or geographic name as entry element Differential equation
9 (RLIN) 16857
650 ## - SUBJECT ADDED ENTRY--TOPICAL TERM
Topical term or geographic name as entry element Mathematics
9 (RLIN) 810
942 ## - ADDED ENTRY ELEMENTS (KOHA)
Source of classification or shelving scheme Dewey Decimal Classification
Koha item type Open Shelf
Holdings
Withdrawn status Lost status Source of classification or shelving scheme Damaged status Not for loan Home library Current library Date acquired Source of acquisition Inventory number Total Checkouts Full call number Barcode Date last seen Koha item type Price effective from
    Dewey Decimal Classification     MUST Main Library MUST Main Library 14/05/2021 Purchase 06/28077   515.3 ASM 2005 2021-0521 14/05/2021 Open Shelf  
    Dewey Decimal Classification     MUST Main Library MUST Main Library 02/03/2022 Purchase 06/28078   515.3 ASM 2005 2022-0349 02/03/2022 Open Shelf 02/03/2022